| 000 | 01058nam a2200301Ia 4500 | ||
|---|---|---|---|
| 003 | PE SENCICO BE | ||
| 005 | 20260220210129.0 | ||
| 008 | 200515s9999 xx 000 0 und d | ||
| 020 | _a9972-76-05-6 | ||
| 040 |
_aPE SENCICO BE _cPE SENCICO BE |
||
| 041 | _aspa | ||
| 082 |
_a620 _bG21 |
||
| 100 | 1 |
_aGallegos, Héctor _9194 _eautor |
|
| 245 | 1 | 0 |
_aLa Ingeniería / _cHéctor Gallegos |
| 250 | _a[1a ed.] | ||
| 260 |
_aLima : _bUPC ; _c1999 |
||
| 300 |
_a482 páginas : _bilustraciones ; _c20 cm. |
||
| 504 | _aBibliografía a final de cada capítulo | ||
| 520 | 3 | _aLa ingeniería -- El ingeniero -- Historia de la ingeniería en el mundo -- La ingeniería en el Perú -- Ciencia e ingeniería -- El diseño -- El papel de las fallas -- La formación del ingeniero -- Los códigos | |
| 650 | 1 | 0 |
_aIngeniería _9380 |
| 650 | 2 | 0 |
_aDiseño en ingeniería _9381 |
| 650 | 2 | 0 |
_aEducación superior _9382 |
| 650 | 2 | 0 |
_aHistoria _9383 |
| 650 | 2 | 0 |
_aIngenieros _9384 |
| 650 | 2 | 0 |
_aFallas (Geología) _9386 |
| 651 | 0 |
_aPerú _9385 |
|
| 942 |
_cLIB _2ddc |
||
| 999 |
_c960 _d960 |
||